<?xml version="1.0" encoding="UTF-8"?><?xml-stylesheet type="text/xsl" href="static/style.xsl"?><OAI-PMH xmlns="http://www.openarchives.org/OAI/2.0/" xmlns:xsi="http://www.w3.org/2001/XMLSchema-instance" xsi:schemaLocation="http://www.openarchives.org/OAI/2.0/ http://www.openarchives.org/OAI/2.0/OAI-PMH.xsd"><responseDate>2026-06-01T22:19:15Z</responseDate><request verb="GetRecord" identifier="oai:riuma.uma.es:10630/23820" metadataPrefix="marc">https://riuma.uma.es/rest/oai/request</request><GetRecord><record><header><identifier>oai:riuma.uma.es:10630/23820</identifier><datestamp>2026-02-03T12:54:21Z</datestamp><setSpec>com_10630_19559</setSpec><setSpec>com_10630_3139</setSpec><setSpec>com_10630_10</setSpec><setSpec>col_10630_23777</setSpec></header><metadata><record xmlns="http://www.loc.gov/MARC21/slim" xmlns:dcterms="http://purl.org/dc/terms/" xmlns:doc="http://www.lyncode.com/xoai" xmlns:xsi="http://www.w3.org/2001/XMLSchema-instance" xsi:schemaLocation="http://www.loc.gov/MARC21/slim http://www.loc.gov/standards/marcxml/schema/MARC21slim.xsd">
   <leader>00925njm 22002777a 4500</leader>
   <datafield ind2=" " ind1=" " tag="042">
      <subfield code="a">dc</subfield>
   </datafield>
   <datafield ind2=" " ind1=" " tag="720">
      <subfield code="a">Astaíza Martínez, Andrés Felipe</subfield>
      <subfield code="e">author</subfield>
   </datafield>
   <datafield ind2=" " ind1=" " tag="720">
      <subfield code="a">Castillo Bohórquez, María Isabel</subfield>
      <subfield code="e">author</subfield>
   </datafield>
   <datafield ind2=" " ind1=" " tag="720">
      <subfield code="a">Rojas León, Gina Alexandra</subfield>
      <subfield code="e">author</subfield>
   </datafield>
   <datafield ind2=" " ind1=" " tag="720">
      <subfield code="a">Mazorco Salas, Julio Eduardo</subfield>
      <subfield code="e">author</subfield>
   </datafield>
   <datafield ind2=" " ind1=" " tag="720">
      <subfield code="a">González López, José Jair</subfield>
      <subfield code="e">author</subfield>
   </datafield>
   <datafield ind2=" " ind1=" " tag="260">
      <subfield code="c">2022</subfield>
   </datafield>
   <datafield ind2=" " ind1=" " tag="520">
      <subfield code="a">La necesidad de transformar la educación y dar forma a un nuevo rol docente de acuerdo con las particularidades de la época actual, ha sido un tema fundamental en los debates de la educación superior. La Universidad requiere de un personal docente inmerso en procesos de aprendizaje continuo a nivel académico y social, que impulse prácticas pedagógicas contextualizadas. A pesar de esto, las tendencias en los procesos pedagógicos de la educación superior latinoamericana se han caracterizado por estructuras jerárquicas y burocráticas, la separación entre teoría y práctica y la falta de vinculación entre el currículo y los problemas sociales locales. Teniendo en cuenta lo anterior, este artículo presenta la experiencia de co-construcción de un curso de pensamiento sistémico con enfoque constructivista, llevado a cabo por un equipo de docentes-investigadores. El proceso abarca tres ciclos de investigación acción educativa donde se sistematizan los procesos de diagnóstico, diseño-implementación y evaluación. La investigación permitió comprender las formas de trabajo colaborativo, manifiestas no solo en el diseño y ejecución de las actividades de clase, sino también en la teorización sobre las prácticas pedagógicas y la creación de cultura pedagógica y organizacional.</subfield>
   </datafield>
   <datafield ind1="8" ind2=" " tag="024">
      <subfield code="a">Astaiza Martínez, A. F., Castillo Bohórquez, M. I., Rojas León, G. A., Mazorco Salas, J. E. y González López, J.  J. (2022). Co-creación de un ambiente de enseñanza constructivista para un curso de pensamiento sistémico: un proceso de  investigación-acción. Márgenes, Revista de Educación de la Universidad de Málaga. 3 (1), 84-104</subfield>
   </datafield>
   <datafield ind1="8" ind2=" " tag="024">
      <subfield code="a">https://hdl.handle.net/10630/23820</subfield>
   </datafield>
   <datafield ind1="8" ind2=" " tag="024">
      <subfield code="a">https://doi.org/10.24310/mgnmar.v3i1.12913</subfield>
   </datafield>
   <datafield tag="653" ind2=" " ind1=" ">
      <subfield code="a">Enseñanza superior - Investigación</subfield>
   </datafield>
   <datafield ind2="0" ind1="0" tag="245">
      <subfield code="a">Co-creación de un ambiente de enseñanza constructivista para un curso de pensamiento sistémico: un proceso de investigación-acción educativa</subfield>
   </datafield>
</record>
</metadata></record></GetRecord></OAI-PMH>